Whither Socialism?

Guardado en:
Detalles Bibliográficos
Autor principal: Stiglitz, Joseph E.
Formato: Libro
Lenguaje:inglés
Publicado: Cambridge The MIT Press 1995
Edición:2. print.
Colección:The Wicksell Lectures
Materias:
Etiquetas: Agregar Etiqueta
Sin Etiquetas, Sea el primero en etiquetar este registro!

MARC

LEADER 00000nam a2200000 4500
001 c014791
005 20221214072342.9
020 |a 0-262-69182-5 
041 0 |a eng 
044 |a US 
245 1 0 |a Whither Socialism?  |c Joseph E. Stiglitz 
250 |a 2. print. 
264 1 |a Cambridge  |b The MIT Press  |c 1995 
300 |a 338 s. 
490 1 |a The Wicksell Lectures 
830 0 |a The Wicksell Lectures 
610 2 0 |a ekonómia politická socializmu 
610 2 0 |a ekonómia politická kapitalizmu 
610 2 0 |a hospodárstvo socialistické 
610 2 0 |a hospodárstvo trhové 
610 2 0 |a modely matematické 
100 1 |a Stiglitz, Joseph E.